Basilica di S. Bernardino a l'Aquila (La) (Record n. 77040)

Dettagli MARC
000 -LEADER
fixed length control field 01315nam a2200277Ia 4500
001 - CONTROL NUMBER
control field K0532
003 - CONTROL NUMBER IDENTIFIER
control field IT-RoPAU
008 - FIXED-LENGTH DATA ELEMENTS--GENERAL INFORMATION
fixed length control field 130308s9999 xx 000 0 und d
040 ## - CATALOGING SOURCE
Original cataloging agency IT-RoPAU
040 ## - CATALOGING SOURCE
Transcribing agency IT-RoPAU
041 ## - LANGUAGE CODE
Language code of text/sound track or separate title ITALIANO
100 ## - MAIN ENTRY--PERSONAL NAME
Personal name Chierici Umberto
100 ## - MAIN ENTRY--PERSONAL NAME
Miscellaneous information Codice Aut. SPICS: 60136
245 ## - TITLE STATEMENT
Title Basilica di S. Bernardino a l'Aquila (La)
245 ## - TITLE STATEMENT
Remainder of title Basilica di S. Bernardino a L'Aquila (La)
250 ## - EDITION STATEMENT
Edition statement 1a ed.
260 ## - PUBLICATION, DISTRIBUTION, ETC. (IMPRINT)
Name of publisher, distributor, etc. s.e. (senza Editrice o non identificata)
260 ## - PUBLICATION, DISTRIBUTION, ETC. (IMPRINT)
Date of publication, distribution, etc. 1969 [1° Ed.:1969 - Ed.Ling.Originale:1969]
300 ## - PHYSICAL DESCRIPTION
Extent "148 p. (prefazione: no ; testo: 148 [pagine: 0-0])"
500 ## - GENERAL NOTE
General note "Basilica di San Bernardino nella Storia e nell'Arte. monumento Attraverso immagini di Autori vari tra Cui Gerolamo Cenatempo; Pompeo Cesura. maschera Funebre di S. Bernardino; Insegna Monogrammatica di S. Bernardino. Esterni della Basilica. interno della Basilica. Mausoleo Bernardiniano. tomba di Maria Pereyra Camponechi. Altri particolari dell'Interno. "
650 ## - SUBJECT ADDED ENTRY--TOPICAL TERM
Topical term or geographic name as entry element SAGGI SULLE ARTI VISIVE
650 ## - SUBJECT ADDED ENTRY--TOPICAL TERM
Relator term Codice materia Spics: 5011
942 ## - ADDED ENTRY ELEMENTS (KOHA)
Koha item type LIBRO
957 ## -
-- 1
999 ## - SYSTEM CONTROL NUMBERS (KOHA)
-- 1
Dati di copia
Withdrawn status Lost status Damaged status Not for loan Home library Current library Date acquired Total Checkouts Full call number Date last seen Price effective from Koha item type Public note
    Buone Condizioni Not For Loan SPICS-MEDIATECA SPICS-MEDIATECA 08/03/2013   K0532 08/03/2013 08/03/2013 LIBRO Progressivo inserimento: 22343 / N. Volumi: 1 Copie: 1 / data import: 1 marzo 2013 - By Epidotti, Trombetti, Vaglietti.
CREDITS: SOCIETA' SAN PAOLO Via A.Severo, 58 - ROMA (RM) & PERIODICI SAN PAOLO SRL Via Giotto, 36 MILANO & CISF Via Giotto, 36 MILANO & EDIZIONI SAN PAOLO SRL,  Piazza Soncino, 5 CINISELLO BALSAMO (MI) -- ITALY